Vplyv ponukovo-orientovanej ekonomiky na hospodárstvo SR
Vplyv ponukovo-orientovanej ekonomiky na národné hospodárstvo. Vývoj HDP a jeho jednotlivých zložiek, konkrétne hodnoty pridanej spracovaním. Skúmanie zmien spôsobených rozdielnym prístupom k riadeniu národného hospodárstva. Potreba zvyšovania konkurencieschopnosti a investovania a rozvoja vedy a te...
Uložené v:
| Hlavný autor: | |
|---|---|
| Médium: | Kapitola |
| Jazyk: | Slovak |
| Predmet: | |
| Tagy: |
Žiadne tagy, Buďte prvý, kto otaguje tento záznam!
|
MARC
| LEADER | 00000naa$a2200000$$$4500 | ||
|---|---|---|---|
| 001 | 0066167 | ||
| 005 | 20240502071802.4 | ||
| 041 | 0 | |a slo | |
| 044 | |a SK | ||
| 245 | 1 | 0 | |a Vplyv ponukovo-orientovanej ekonomiky na hospodárstvo SR |c Miroslava Havettová |
| 520 | |a Vplyv ponukovo-orientovanej ekonomiky na národné hospodárstvo. Vývoj HDP a jeho jednotlivých zložiek, konkrétne hodnoty pridanej spracovaním. Skúmanie zmien spôsobených rozdielnym prístupom k riadeniu národného hospodárstva. Potreba zvyšovania konkurencieschopnosti a investovania a rozvoja vedy a techniky. | ||
| 610 | 2 | 0 | |a medzispotreba |
| 610 | 2 | 0 | |a konkurencieschopnosť |
| 610 | 2 | 0 | |a hodnota pridaná |
| 610 | 2 | 0 | |a ponuka |
| 610 | 2 | 0 | |a hospodárstvo národné |
| 100 | 1 | |a Havettová, Miroslava | |